Estudio sobre el potencial para la administración de la demanda en la Cooperativa de Electrificación Rural de San Carlos R.L
محفوظ في:
| المؤلف الرئيسي: | |
|---|---|
| مؤلفون آخرون: | , , |
| التنسيق: | كتاب |
| اللغة: | Spanish |
| منشور في: |
[San José, Costa Rica]
2015
|
| الموضوعات: | |
| الوسوم: |
إضافة وسم
لا توجد وسوم, كن أول من يضع وسما على هذه التسجيلة!
|
MARC
| LEADER | 00000nam a22000007a 4500 | ||
|---|---|---|---|
| 003 | 012197 | ||
| 005 | 20230706134108.0 | ||
| 008 | 150721b2015 cr a|||| |||| 00| ||spa d | ||
| 040 | |c cru CEDI | ||
| 090 | |a TFG 7362 | ||
| 100 | |9 919 |a Vargas Mejías, Marlon Alonso, 1973- | ||
| 245 | |a Estudio sobre el potencial para la administración de la demanda en la Cooperativa de Electrificación Rural de San Carlos R.L | ||
| 260 | |a [San José, Costa Rica] |c 2015 | ||
| 500 | |a Seminario de graduación (licenciatura en ingeniería eléctrica)--Universidad de Costa Rica. Facultad de Ingeniería. Escuela de Ingeniería Eléctrica | ||
| 501 | |a Director de Seminario de Graduación: Ing. Gustavo Valverde Mora Ph.D | ||
| 610 | 0 | |9 800 |a COOPERATIVA DE ELECTRIFICACION RURAL DE SAN CARLOS (ALAJUELA, COSTA RICA) | |
| 650 | |x DEMANDA DE ENERGIA ELECTRICA - ADMINISTRACION - ANALISIS DE COSTOS |x RENDIMIENTO ENERGETICO - SAN CARLOS (ALAJUELA, COSTA RICA) |x CONSUMO DE ENERGIA ELECTRICA - ADMINISTRACION - SAN CARLOS (ALAJUELA, COSTA RICA) |9 903 | ||
| 700 | |9 920 |a Víquez Barrantes, Irene, 1984- | ||
| 700 | |9 921 |a Quesada Jiménez, Marco Esteban, 1990- | ||
| 700 | |9 357 |a Valverde Mora, Gustavo |d Director del TFG | ||
| 942 | |c CEDI |h TFG 7362 |6 TFG_7362_000000000000000 | ||
| 999 | |c 13902 |d 13902 | ||
